| 000 | 00615nam a22001815i 4500 | ||
|---|---|---|---|
| 001 | 68379 | ||
| 003 | ES-MaACL | ||
| 005 | 20230906170254.0 | ||
| 007 | t| | ||
| 008 | 960801s1861 sp ||||1| spa d | ||
| 040 |
_aCAM _bspa _cCAM |
||
| 100 | 1 |
_aGarcía Cuevas, Francisco. _954396 |
|
| 245 | 1 | 3 |
_aLa gitanilla _b: zarzuela en un acto y en verso / _coriginal de Francisco García Cuevas; música del maestro Antonio Reparáz. |
| 260 |
_aMadrid : _b[s.n.], _c1861 ( _fImprenta y estereotipia de M. Rivadeneyra) |
||
| 300 |
_a38 p. ; _c22 cm. |
||
| 700 | 1 |
_aReparaz, Antonio. _996255 |
|
| 852 |
_aES-MaACL _jT-730-F-2 |
||
| 999 |
_c68379 _d68379 |
||